| 000 | 01332cam a22003135i 4500 | ||
|---|---|---|---|
| 999 |
_c3039 _d3039 |
||
| 003 | EG-ScBUE | ||
| 005 | 20200119111237.0 | ||
| 008 | 101010r19631962nyu f 001 0deng d | ||
| 040 |
_aEG-ScBUE _beng _erda _cEG-ScBUE _dEG-ScBUE |
||
| 082 | 0 | 4 |
_a801 _bKNI _222 |
| 100 | 1 |
_aKnight, G. Wilson _q(George Wilson), _d1897-1985, _eauthor. |
|
| 245 | 1 | 4 |
_aThe Christian renaissance : _bwith interpretations of Dante, Shakespeare and Goethe and New discussions of Oscar Wilde and the Gospel of Thomas / _cBy G. Wilson Knight. |
| 264 | 1 |
_aNew York : _bThe Norton Library : _b W. W. Norton & Company, _c1963. |
|
| 300 |
_a356 pages ; _b18 cm |
||
| 336 |
_atext _btxt _2rdacontent |
||
| 337 |
_aunmediated _bn _2rdamedia |
||
| 338 |
_avolume _bnc _2rdacarrier |
||
| 504 | _aIncludes Index. | ||
| 600 | 1 | 7 |
_aDante Alighieri, _d1265-1321 _xCriticism and interpretation. _2BUEsh |
| 600 | 1 | 7 |
_aShakespeare, William, _d1564-1616 _xCriticism and interpretation. _2BUEsh |
| 600 | 1 | 7 |
_aGoethe, Johann Wolfgang von, _d1749-1832 _xCriticism and interpretation. _2BUEsh |
| 600 | 1 | 7 |
_aWilde, Oscar, _d1854-1900. _xCriticism and interpretation. _2BUEsh |
| 650 | 7 |
_aReligion in literature. _2BUEsh _920220 |
|
| 650 | 7 |
_aBible as literature. _2BUEsh |
|
| 651 | _2BUEsh | ||
| 653 |
_bHHUUEENN _cJuly2019 |
||
| 942 |
_cBB _2ddc |
||